| 000 | 00426nam a2200169Ia 4500 | ||
|---|---|---|---|
| 003 | STCL | ||
| 008 | 181203s9999 xx 000 0 und d | ||
| 020 | _a9780590131643 | ||
| 040 |
_aSTCL _bEN _cSTCL |
||
| 082 | _222 | ||
| 100 | _aOliver, Martin | ||
| 245 | 0 | _aHippo Ghost: The House at the End of Ferry Road | |
| 260 |
_bScholastic Children's Books _aLondon _c1995 |
||
| 300 | _a174 | ||
| 546 | _aEnglish | ||
| 942 |
_2ddc _cBK |
||
| 999 |
_c84041 _d84041 |
||